000 00381nam a22001697a 4500
003 UA-OsUOA
001 4836
007 ta
008 20050721b un ||||| |||| 00| 0 ukr d
100 _aConlin
700 _aDavid A.
942 _cBK
040 _aUA-OsUOA
_cUA-OsUOA
_dUA-OsUOA
245 _aOperations in Modern Grammar and Composition.
_bWriting
955 _a2
650 7 _2UDC
999 _c290998
_d290998